000 00268nam a2200109Ia 4500
008 200302s9999 xx 000 0 und d
100 _aChirs Lefteri
245 _aGlass Materials for Inspirational Design
260 _bRotovision Sa
260 _c2002
300 _a159 P.,
999 _c1746
_d1746